000 00505nam a2200181 i 4500
001 bg
003 KOSZ 005
005 20180113090233.0
008 s pl f |000 0 pol
040 _cBPK
041 _apol
080 _a71
080 _a72
245 0 _aStudia i materiaƂy do teorii i historii architektury i urbanistyki 2.
260 _aWarszawa,
_c1960.
856 _uhttp://koha.tu.koszalin.pl/cgi-bin/koha/opac-detail.pl?biblionumber=11230
_yKatalog online BPK
942 _cKS
_2UKD
999 _c11230
_d11230